Návrh opatrení na zdokonalenie organizačnej štruktúry riadenia priemyselného podniku

Guardado en:
Detalles Bibliográficos
Autor principal: Vančo, Andrej (Autor)
Otros Autores: Čambál, Miloš (Orientador)
Formato: Manuscrito Libro
Lenguaje:eslovaco
Publicado: 2016
Materias:
Acceso en línea:http://is.stuba.sk/zp/portal_zp.pl?podrobnosti=105977
Etiquetas: Agregar Etiqueta
Sin Etiquetas, Sea el primero en etiquetar este registro!

MARC

LEADER 00000ntm a22000003a 4500
001 stuzp56350
003 SK-STU
005 20160719154955.3
007 ta
008 150427s2015----xo-----f-mn---000-0-slo-d
040 |a STU  |b slo 
041 0 |a slo 
100 1 |a Vančo, Andrej  |u 064000  |4 aut  |U MTF Materiálovotechnologická fakulta  |T MTF Ústav priemyselného inžinierstva a manažmentu  |X 53157  |U M4000  |Y 84  |7 53157 
242 0 1 |a The proposal of measures to improve the organizational structure of industrial enterprises  |y eng 
245 1 0 |a Návrh opatrení na zdokonalenie organizačnej štruktúry riadenia priemyselného podniku 
260 |c 2016 
650 4 |a organizačná štruktúra riadenia  |2 slo 
650 4 |a organizovanie  |2 slo 
650 4 |a manažment  |2 slo 
650 4 |a organizational structure  |2 eng 
650 4 |a organization  |2 eng 
650 4 |a management  |2 eng 
700 1 |a Čambál, Miloš  |u 064000  |k Z1  |4 ths  |U MTF Materiálovotechnologická fakulta  |T MTF Ústav priemyselného inžinierstva a manažmentu  |X 279  |U M4000  |Y 84  |7 A000000279 
856 4 |u http://is.stuba.sk/zp/portal_zp.pl?podrobnosti=105977 
996 |c M* BP-7892  |l MMSKP  |s P  |a 0  |w stuzp56350_0001 
SQL |a stuzp56350  |b DBP  |c SLO  |d Návrh opatrení na zdokonalenie organizačnej štruktúry riadenia priemyselného podniku  |e 53157  |f Vančo, Andrej  |g 064000  |h 279  |i Čambál, Miloš  |j 20160620  |k 175  |l 06  |m http://is.stuba.sk/zp/portal_zp.pl?podrobnosti=105977  |n B-PMA  |o 5.2.52. priemyselné inžinierstvo